Production of leafmeal from ipil-ipil (leucaena) : Asia-Pacific region

Bibliographic Details
Corporate Authors: MANILA Seedling Bank Foundation, Inc, Food and Agriculture Organization of the United Nations (FAO)
Format: Book
Published: Bangkok : Food and Agriculture Organization of the United Nations , 1985
Subjects:

MARC

LEADER 00000cam a2200000 7i4500
001 0000001741
005 20011110.0
090 0 0 |a FAO 633.39   |b MAN 1985 
110 1 0 |a MANILA Seedling Bank Foundation, Inc. 
245 1 0 |a Production of leafmeal from ipil-ipil (leucaena) :   |b Asia-Pacific region   |c Manila Seedling Bank Foundation, Inc. 
260 0 0 |a Bangkok :   |b Food and Agriculture Organization of the United Nations ,   |c 1985 
300 |a vi, 68 p. :   |b ill. ;   |c 28 cm. 
500 0 0 |a Bibliography : p. 68 
650 0 0 |a Forage plants   |z Tropics 
650 0 0 |a Lead tree   |z Tropics 
650 0 0 |a Leucaena   |z Tropics 
710 1 1 |a Food and Agriculture Organization of the United Nations (FAO) 
998 |a JPSM 
999 |a 0000002777   |b Monograph   |c Food and Agriculture Organization   |e Default branch